00897nam a22002411 450000500170000000800410001701000140005802000260007203500130009803700150011104000180012608200100014424501100015426000480026427000590031230000250037165000270039670000300042370000180045394200240047199900170049595201430051220090528161459.0721219s1962 nyu 000 0 eng  aENG-93792 c495.00a9788131305669 aEN-77325 bDBAD / PUB adplbEnglish  a371.4 aGuidance and counselling:ceditd by Bhaskaracharyulu Yerroju [and] Syam Atluri bin shaping the destiny / aNew DelhibAPH Publishing Corporationc2009 a4435-36/7, Ansari Road, Daryaganj,bNew Delhi e110002 avi, 186p.c23cm(Hb)  aEducational counseling aYerroju, Bhaskaracharyulu aAtluri, Syam  cENmGUI2ddch371.4 c26924d26924 00102ddc40718NFICaDBADbDBADd2009-05-28eDBAD / PUBg495.00l0o371.4 GUIpEN-77325r2009-05-28 00:00:00t1v495.00w2009-05-28yEN